Rheology modifiers handbook: practical use and application
Guardado en:
| Autores principales: | , |
|---|---|
| Formato: | Libro |
| Lenguaje: | inglés |
| Publicado: |
Nueva York
William Andrew
2000
|
| Materias: | |
| Etiquetas: |
Agregar Etiqueta
Sin Etiquetas, Sea el primero en etiquetar este registro!
|
MARC
| LEADER | 00000nam a2200000 a 4500 | ||
|---|---|---|---|
| 001 | UCK3185 | ||
| 003 | CL-VaPUC | ||
| 008 | 050415e20000000US |||||||||||||||||eng|d | ||
| 020 | |a 0815514417 | ||
| 082 | 0 | 4 | |a 660.29 |b BRA |2 21 |
| 100 | 0 | |a Braun, David B |e author |9 491188 | |
| 700 | 0 | |a Rosen, Meyer R |e author |9 491189 | |
| 245 | 1 | 0 | |a Rheology modifiers handbook: practical use and application |
| 300 | |a 505 p | ||
| 942 | |c BK | ||
| 945 | |d 20050415 00:00:00 |a cmena | ||
| 260 | |a Nueva York |b William Andrew |c 2000 | ||
| 650 | 0 | |a Reología |9 259723 | |
| 650 | 0 | |a Química física |9 260596 | |
| 650 | 0 | |a Biotecnología |9 259561 | |
| 650 | 0 | |a Mecánica de fluidos |9 259464 | |
| 583 | |a last modification |c 20050415 00:00:00 |k Rodrigo Vera | ||
| 999 | |c 312449 |d 312447 | ||
| 952 | |0 0 |1 0 |4 0 |6 660_290000000000000_BRA_2000 |7 0 |8 A |9 382832 |a BIBALI |b BIBALI |c GEN |d 2019-11-21 |i 4113195 |o 660.29 BRA 2000 |p 4113195 |r 2025-01-20 |w 2019-11-21 |y BK |k ALI | ||